000 00284nam a2200109Ia 4500
008 230907s9999||||xx |||||||||||||| ||und||
082 _a531.1134,IRG
100 _aIrgens, Fridtjov,
_9115140
245 0 _aRheology and non-Newtonian fluids /
300 _aix, 190 pages :
942 _cBK
999 _c597703
_d597703